00948nam a2200193 a 450000100100000000500170001000800410002702000150006804000250008310000340010824501400014226001540028230000280043649000680046470000270053283000730055995201050063299900170073700003748320200930080405.0120420s1994 cr a 000 0 spa d a9977571805 aDO-SdBNPbspacBNPHU1 aSánchez, Jesús A ;96392210aEstablecimiento y manejo de cacao con sombra :bguía técnica para el extensionista forestal /cJesús A Sánchez; Aroldo Dubón. aTurrialba, Costa Rica :bPrograma Manejo Integrado de Recursos Naturales (Costa Rica). Área de Manejo y Silvicultura de Bosques Tropicales.,c1994. a81 p. :bil., ;c24 cm.1 aMateriales y extensiónv3atécnica., Manual técnico ;v101 aDubón, Aroldo963923 0aMateriales y extensiónv3ptécnica., Manual técnicon10963924 001050718MOaGRbGRcCTd2012-04-20iLF1l0o p37483-10r2020-06-25w2020-06-25y1ZNo se presta c36973d36973